000 00823nam a22002537a 4500
003 UA-OsUOA
001 24517
007 ta
008 20040220b un ||||| |||| 00| 0 ukr d
100 _aБаев О. Я.
090 _a343.985
_bБ15
942 _cBK
040 _aUA-OsUOA
_brus
_cUA-OsUOA
_dUA-OsUOA
245 _aТактика уголовного преследования и профессиональной защиты от него. Следственная тактика
_bнаучно-практическое пособие
300 _a432 с.
955 _a2
041 _arus
080 _a343.985
020 _a5-94692-211-4
260 _aМ.
_bЭкзамен
_c2003
044 _aRU
650 7 _a343 Кримінальне право. Карні порушення
_2UDC
999 _c310792
_d310792